| 000 -LEADER |
| fixed length control field |
00890cam a2200241 i 4500 |
| 001 - CONTROL NUMBER |
| control field |
18174294 |
| 005 - DATE AND TIME OF LATEST TRANSACTION |
| control field |
20221107115054.0 |
| 008 - FIXED-LENGTH DATA ELEMENTS--GENERAL INFORMATION |
| fixed length control field |
140602s2015 paua b 001 0 eng |
| 020 ## - INTERNATIONAL STANDARD BOOK NUMBER |
| International Standard Book Number |
9781609139711 X |
| 041 ## - LANGUAGE CODE |
| Language code of text/sound track or separate title |
eng |
| 080 ## - UNIVERSAL DECIMAL CLASSIFICATION NUMBER |
| Universal Decimal Classification number |
616.89 K-20 |
| 100 1# - MAIN ENTRY--PERSONAL NAME |
| Personal name |
Sadock, Benjamin J., |
| Dates associated with a name |
|
| 9 (RLIN) |
8717 |
| 245 10 - TITLE STATEMENT |
| Title |
Kaplan & Sadock's synopsis of psychiatry : |
| Remainder of title |
behavioral sciences/clinical psychiatry / |
| Statement of responsibility, etc. |
Benjamin James Sadock, Virginia A. Sadock, Pedro Ruiz. |
| 250 ## - EDITION STATEMENT |
| Edition statement |
Eleventh edition / |
| Remainder of edition statement |
|
| 264 #1 - PRODUCTION, PUBLICATION, DISTRIBUTION, MANUFACTURE, AND COPYRIGHT NOTICE |
| Place of production, publication, distribution, manufacture |
Philadelphia : |
| Name of producer, publisher, distributor, manufacturer |
Wolters Kluwer, |
| Date of production, publication, distribution, manufacture, or copyright notice |
2015. |
| 300 ## - PHYSICAL DESCRIPTION |
| Extent |
1472 pages: |
| Other physical details |
illustrations ; |
| Dimensions |
27 cm. |
| 653 ## - INDEX TERM--UNCONTROLLED |
| keyword |
მედიცინა |
| 653 ## - INDEX TERM--UNCONTROLLED |
| keyword |
ფსიქიატრია |
| 653 ## - INDEX TERM--UNCONTROLLED |
| keyword |
ფსიქიკური აშლილობა |
| 700 1# - ADDED ENTRY--PERSONAL NAME |
| Personal name |
Sadock, Virginia A. |
| Relator term |
ავტორი |
| 9 (RLIN) |
8718 |
| 700 1# - ADDED ENTRY--PERSONAL NAME |
| Personal name |
Ruiz, Pedro |
| Dates associated with a name |
|
| Relator term |
ავტორი |
| 9 (RLIN) |
8719 |
| 942 ## - ADDED ENTRY ELEMENTS (KOHA) |
| Source of classification or shelving scheme |
|
| Koha item type |
წიგნი |